00342nam a2200133Ia 4500008004100000020001800041041000800059082001200067100003600079245004600115260002600161300000700187650001400194180314s9999 xx 000 0 und d a9780070588516 aeng a540 COU aCourse in Chemistry for IIT-JEE 0aCourse in Chemistry for IIT-JEE 2005-2006 aTatabNew Delhic2005 aV. achemistry